|
|
|
|
| LEADER |
02587nem a2200553 i 4500 |
| 001 |
001685828 |
| 003 |
CZ BrMZK |
| 005 |
20201218164418.0 |
| 007 |
aj|canzn |
| 008 |
190530s1986 xr a 0| cze d |
| 034 |
1 |
|
|a a
|b 50000
|d E0123924
|e E0125933
|f N0493145
|g N0492126
|
| 040 |
|
|
|a BOA001
|b cze
|e rda
|
| 043 |
|
|
|a e-xr---
|b e-xr-pl
|a e-gx---
|
| 072 |
|
7 |
|a 912
|x Mapy. Atlasy. Glóby
|2 Konspekt
|9 7
|
| 072 |
|
7 |
|a 553
|x Ložisková geologie
|2 Konspekt
|9 7
|
| 080 |
|
|
|a 913(437.317)
|2 MRF
|
| 080 |
|
|
|a 913(430)
|2 MRF
|
| 080 |
|
|
|a (084.3)55
|2 MRF
|
| 080 |
|
|
|a 553.3/.9
|2 MRF
|
| 110 |
2 |
|
|a Ústřední ústav geologický
|7 kn20010725011
|4 ctg
|4 pbl
|
| 245 |
1 |
0 |
|a Mapa ložisek nerostných surovin ČSR.
|n 21-23 ; 21-14 ,
|p Domažlice /
|c Vydal Ústřední ústav geologický ; Redaktor listu J. Pašava. Spolupráce J. Klečák ; Redaktor řady J. Zikmund
|
| 246 |
3 |
0 |
|a Domažlice
|
| 250 |
|
|
|a Vydání první
|
| 255 |
|
|
|a Měřítko 1:50 000
|c (E 12°39'24"--E 12°59'33"/N 49°31'45"--N 49°21'26")
|
| 264 |
|
1 |
|a Praha :
|b Vydal Ústřední ústav geologický,
|c 1986
|
| 264 |
|
3 |
|a Kolín :
|b Reprodukční zpracování a tisk OT,
|c 1986
|
| 300 |
|
|
|a 1 mapa :
|b barevná ;
|c 38 x 48 cm, na listu 48 x 69 cm
|
| 336 |
|
|
|a kartografický obraz
|b cri
|2 rdacontent
|
| 337 |
|
|
|a bez média
|b n
|2 rdamedia
|
| 338 |
|
|
|a list
|b nb
|2 rdacarrier
|
| 490 |
1 |
|
|a [Základní mapa ČSR 1:50 000] ;
|v 21-23, 1986
|
| 490 |
1 |
|
|a [Základní mapa ČSR 1:50 000] ;
|v 21-14, 1986
|
| 490 |
1 |
|
|a Soubor geologických a účelových map ;
|v 21-23, 1986
|
| 490 |
1 |
|
|a Soubor geologických a účelových map ;
|v 21-14, 1986
|
| 500 |
|
|
|a Další údaje o vydání: Redakční uzávěrka 30. 5. 1986 ; Stav ke dni 1. 1. 1983 ; Pro vnitřní potřebu státních orgánů a socialistických organizací
|
| 500 |
|
|
|a Dostupné též v digitální podobě v aplikaci Kramerius
|
| 650 |
|
7 |
|a ložiska nerostných surovin
|7 ph137779
|2 czenas
|
| 651 |
|
7 |
|a Domažlice (Česko : oblast)
|7 ge128466
|2 czenas
|
| 655 |
|
7 |
|a geologické mapy
|7 fd132402
|2 czenas
|
| 700 |
1 |
|
|a Klečák, Jiří
|7 jk01060328
|4 edt
|
| 700 |
1 |
|
|a Pašava, Jan,
|d 1957-
|7 mzk2009502270
|4 edt
|
| 700 |
1 |
|
|a Zikmund, Jaroslav,
|d 1931-1988
|7 mub2016898635
|4 edt
|
| 710 |
2 |
|
|a Český úřad geodetický a kartografický
|7 ko2004231816
|4 ctg
|
| 830 |
|
0 |
|a Základní mapa ČSR 1:50 000
|
| 830 |
|
0 |
|a Soubor geologických a účelových map
|
| 856 |
4 |
1 |
|u http://www.digitalniknihovna.cz/mzk/uuid/uuid:292725a0-8e75-11e9-98f4-005056827e51
|y Digitalizovaný dokument
|x NDK
|
| 910 |
|
|
|a BOA001
|b Mpa-0919.700,21-23-86
|
| 990 |
|
|
|a MP
|
| 991 |
|
|
|b 201905
|